| 000 | 00658nam a2200253Ia 4500 | ||
|---|---|---|---|
| 003 | OSt | ||
| 005 | 20221006142709.0 | ||
| 006 | a|||||r|||| 00| 0 | ||
| 007 | ta | ||
| 008 | 221006b |||||||| |||| 00| 0 eng d | ||
| 020 | _c12.00(each) | ||
| 024 | _a6,969 | ||
| 037 | _cTextual | ||
| 040 |
_aEASL _cEASL _beng |
||
| 041 |
_2eng _aeng |
||
| 082 | _aP42,9, J8-;4 | ||
| 100 |
_aDUNN C J _966236 |
||
| 245 | 0 |
_aJapanese _bTeach yourself books |
|
| 260 |
_aLondon _bSt. Paul's House _c1958 |
||
| 300 |
_a310p. _ccm. |
||
| 700 |
_a YANADA S _972596 |
||
| 942 |
_hP42,9, J8-;4 _cTEXL _2CC |
||
| 999 |
_c1075055 _d1075055 |
||